Connections : Nursing research theory and practice (Record no. 157110)

MARC details
000 -LEADER
fixed length control field 00410nam a2200145Ia 4500
008 - FIXED-LENGTH DATA ELEMENTS--GENERAL INFORMATION
fixed length control field 230411s9999 xx 000 0 und d
020 ## - INTERNATIONAL STANDARD BOOK NUMBER
International Standard Book Number 0-323-00948-4
041 ## - LANGUAGE CODE
Language code of text/sound track or separate title eng
082 ## - DEWEY DECIMAL CLASSIFICATION NUMBER
Classification number R/610.724/YOU/TAY/B06782
100 ## - MAIN ENTRY--PERSONAL NAME
Personal name Young Anne & Taylor Susan
9 (RLIN) 179270
245 ## - TITLE STATEMENT
Title Connections : Nursing research theory and practice
260 ## - PUBLICATION, DISTRIBUTION, ETC. (IMPRINT)
Name of publisher, distributor, etc. Mosby
Place of publication, distribution, etc. St Louis
Date of publication, distribution, etc. 2001
300 ## - PHYSICAL DESCRIPTION
Extent 510p
Holdings
Withdrawn status Lost status Damaged status Not for loan Collection code Home library Current library Date acquired Vendor Cost, normal purchase price Bill number Total Checkouts Full call number Barcode Date last seen Cost, replacement price Bill Date Koha item type Original Barcode
          Smt. Bakul Tambat Institute of Nursing Education Smt. Bakul Tambat Institute of Nursing Education 22/09/2011 Pritam Book Centre 595.00 7613   R 610.724 YOU TAY B06782 BTIN-BK-6782 11/04/2023 446.00 22/09/2011 Books B06782